| 000 | 00481nam a2200169 a 4500 | ||
|---|---|---|---|
| 001 | 3568 | ||
| 005 | 20180713183503.0 | ||
| 008 | 140415s1989 mx 000 0 spa d | ||
| 041 | _aspa | ||
| 082 |
_a382.7 _bALV |
||
| 100 | 1 | _aALVAREZ ARGUELLES, ROBERTO | |
| 245 | 1 | 3 | _aLA NEGOCIACION DE MEXICO EN EL GATT. |
| 250 | _a2A ED. | ||
| 260 |
_aMEXICO : _bINSTITUTO MEXICANO DE CONTADORES PUBLICOS, _c1989. |
||
| 300 | _a125. | ||
| 650 | 1 | 4 |
_aARANCELES DE ADUANA _xMEXICO |
| 999 |
_c3568 _d3568 |
||